00487nam a2200157Ia 4500020001800000082002200018100001600040245005700056260003400113300001100147504001900158650004700177650003700224650004900261700001900310 a9780739128206 a306.0959862 LEW-B aLewis, Jeff 0aBali's silent crisis: desire, tragedy and transition aLanhambLexington Booksc2009 ax, 241 aincludes index aBali Island (Indonesia)vSocial conditions aBali Island (Indonesia)vHistory aBali Island (Indonesia)vEconomic conditions aLewis, Belinda